Stendhal et Flaubert, "Litterature et sensation" /

Bibliographic Details
Main Author: Richard, Jean-Pierre, 1922-
Format: Book
Language:French
Published: Paris : Editions du Seuil, [1954]
Series:Points ; 8
Subjects:

MARC

Tag First Indicator Second Indicator Subfields
LEADER 00000cam a2200000 a 4500
001 in00000072068
005 20151008062531.0
008 740129c19701954fr b 00010 frem
010 |a  74152907  
015 |a F70-7103 
035 |a (OCoLC)01275336 
035 |9 AAK0427AM 
040 |a DLC  |c DLC  |d m.c.  |d TXA  |d UtOrBLW 
049 |a TXAM  |c [1654672] 
050 0 0 |a PQ2441  |b .R52 
082 0 |a 843/.7/09 
090 |a PQ2441  |b .R52 1970 
100 1 |a Richard, Jean-Pierre,  |d 1922- 
240 1 0 |a Litterature et sensation.  |k Selections 
245 1 0 |a Stendhal et Flaubert, "Litterature et sensation" /  |c Jean-Pierre Richard ; preface de Georges Poulet. 
264 1 |a Paris :  |b Editions du Seuil,  |c [1954] 
264 3 |c 1970 printing 
264 4 |c ©1954 
300 |a 255 pages ;  |c 18 cm. 
336 |a text  |b txt  |2 rdacontent 
337 |a unmediated  |b n  |2 rdamedia 
338 |a volume  |b nc  |2 rdacarrier 
490 0 |a Points ;  |v 8 
500 |a "Extraits de l'ouvrage de J.-P. Richard: Litterature et sensation." 
504 |a Includes bibliographical references. 
600 1 0 |a Stendhal,  |d 1783-1842  |x Criticism and interpretation. 
600 1 0 |a Flaubert, Gustave,  |d 1821-1880  |x Criticism and interpretation. 
999 |a MARS 
999 f f |s 72b511bb-57b2-30b7-90ff-779a15ea1fa1  |i cdb0e6cc-9e22-3026-bb34-454f16b51630  |t 0 
952 f f |p normal  |a Texas A&M University  |b College Station  |c Sterling C. Evans Library  |d Evans: Library Stacks  |t 0  |e PQ2441 .R52 1970  |h Library of Congress classification  |i unmediated -- volume  |m A14806180708 
998 f f |a PQ2441 .R52 1970  |t 0  |l Evans: Library Stacks